书目信息 |
| 题名: |
德国模式解读
|
|
| 作者: | 戴启秀 著 | |
| 分册: | ||
| 出版信息: | 上海 同济大学出版社 2008.04 |
|
| 页数: | 184页 | |
| 开本: | 21cm | |
| 丛书名: | ||
| 单 册: | ||
| 中图分类: | F151.64 | |
| 科图分类: | ||
| 主题词: | 社会发展--she hui fa zhan--研究--德国 , 经济发展--jing ji fa zhan--研究--德国 | |
| 电子资源: | ||
| ISBN: | 978-7-5608-3730-7 | |
| 000 | 01103nam0 2200265 450 | |
| 001 | 012009522707 | |
| 005 | 20090918102618.92 | |
| 010 | @a978-7-5608-3730-7@dCNY18.00 | |
| 100 | @a20090918d2008 em y0chiy0120 ea | |
| 101 | 0 | @achi |
| 102 | @aCN@b310000 | |
| 105 | @aa a 000yy | |
| 106 | @ar | |
| 200 | 1 | @a德国模式解读@Ade guo mo shi jie du@e建构对社会和生态负责任的经济秩序@f戴启秀著@Fdai qi xiu zhu |
| 210 | @a上海@c同济大学出版社@d2008.04 | |
| 215 | @a184页@c图@d21cm | |
| 320 | @a有书目 (第170-182页) | |
| 330 | @a本书对德国社会经济发展模式的解读主要围绕三大主题:德国模式、德国模式的生态化和德国模式与制度创新。作者首先对政府干预和市场经济这两大经济学派产生的时代背景及其理论渊源进行阐述,在此基础上界定这两大经济学派对德国模式的影响。 | |
| 517 | 1 | @a建构对社会和生态负责任的经济秩序@Ajian gou dui she hui he sheng tai fu ze ren de jing ji zhi xu |
| 606 | 0 | @a社会发展@Ashe hui fa zhan@x研究@y德国 |
| 606 | 0 | @a经济发展@Ajing ji fa zhan@x研究@y德国 |
| 690 | @aF151.64@v4 | |
| 701 | 0 | @a戴启秀@Adai qi xiu@4著 |
| 801 | 0 | @aCN@bQSSK@c20090918 |
| 905 | @b755394-96@dF151.64@eD127@f3 | |
| 德国模式解读:建构对社会和生态负责任的经济秩序/戴启秀著.-上海:同济大学出版社,2008.04 |
| 184页:图;21cm |
| ISBN 978-7-5608-3730-7:CNY18.00 |
| 本书对德国社会经济发展模式的解读主要围绕三大主题:德国模式、德国模式的生态化和德国模式与制度创新。作者首先对政府干预和市场经济这两大经济学派产生的时代背景及其理论渊源进行阐述,在此基础上界定这两大经济学派对德国模式的影响。 |
| ● |
| 相关链接 |
|
|
|
正题名:德国模式解读
索取号:F151.64/D127
 
预约/预借
| 序号 | 登录号 | 条形码 | 馆藏地/架位号 | 状态 | 备注 |
| 1 | 755394 | 207553949 | 社科库409/409社科库 71排3列5层/ [索取号:F151.64/D127] | 在馆 | |
| 2 | 755395 | 207553958 | 社科库409/409社科库 110排2列6层/ [索取号:F151.64/D127] | 在馆 | |
| 3 | 755396 | 207553967 | 社科库409/409社科库 71排3列5层/ [索取号:F151.64/D127] | 在馆 |